Proper Management of working capital : (Record no. 33559)

MARC details
000 -LEADER
fixed length control field 00590nam a22001577a 4500
008 - FIXED-LENGTH DATA ELEMENTS--GENERAL INFORMATION
fixed length control field 130615t xxu||||| |||| 00| 0 eng d
082 ## - DEWEY DECIMAL CLASSIFICATION NUMBER
Item number 26513
090 ## - LOCALLY ASSIGNED LC-TYPE CALL NUMBER (OCLC); LOCAL CALL NUMBER (RLIN)
-- 33559
-- 33558
100 ## - MAIN ENTRY--PERSONAL NAME
Personal name Kibamusiimire, N. Allen
9 (RLIN) 59175
245 ## - TITLE STATEMENT
Title Proper Management of working capital :
Remainder of title case study Equator Valley Farm (EVF) /
Statement of responsibility, etc. Kibamusiimire N. Allen
260 ## - PUBLICATION, DISTRIBUTION, ETC.
Place of publication, distribution, etc. Uganda Martyrs University, Nkozi
Name of publisher, distributor, etc. Uganda Martyrs University
Date of publication, distribution, etc. 2001
300 ## - PHYSICAL DESCRIPTION
Extent [v], 37 p. ;
Dimensions 30 cm.
500 ## - GENERAL NOTE
General note Bachelor of Business Administration and Management
650 ## - SUBJECT ADDED ENTRY--TOPICAL TERM
Topical term or geographic name entry element Management of working capital
9 (RLIN) 59176
942 ## - ADDED ENTRY ELEMENTS (KOHA)
Source of classification or shelving scheme Dewey Decimal Classification
Koha item type UG Dissertations
Holdings
Withdrawn status Lost status Source of classification or shelving scheme Damaged status Not for loan Home library Current library Date acquired Total Checkouts Full call number Barcode Date last seen Date last checked out Price effective from Koha item type
    Dewey Decimal Classification     Archbishop Kiwanuka Memorial Library Archbishop Kiwanuka Memorial Library 15/06/2013 2 26513 26513 31/01/2019 28/01/2019 15/06/2013 UG Dissertations

Archbishop Kiwanuka Memorial Library | Uganda Martyrs University P.O. Box : 5498 Kampala, Uganda
Tel : +256-(0) 382-277-901 or +256-(0) 382-410-611 / E-mail : library@umu.ac.ug